000 00562nam a2200229Ia 4500
003 OSt
005 20221005125649.0
006 a|||||r|||| 00| 0
007 ta
008 221004b |||||||| |||| 00| 0 eng d
024 _a59787
037 _cTextual
040 _aCRL
_cCRL
_beng
041 _2eng
_aeng
082 _aV2:25xM89:9, K1
100 _aDas M N
245 0 _aPolitical philosophy of Jawaharlal Nehru
260 _c1961
650 _aHISTORY
942 _hV2:25xM89:9, K1
_cTEXL
_2cc
999 _c1054678
_d1054678